| 000 | 00615nam a22001457a 4500 | ||
|---|---|---|---|
| 020 | _a0-88899-416-8 | ||
| 082 |
_a823 _bELL/B |
||
| 100 | _aELLIS, DEBORAH | ||
| 245 | _aTHE BREADWINNER | ||
| 260 |
_aTORONTO _bGROUNDWOOD BOOKS _c2005 |
||
| 300 | _a170 | ||
| 520 | _a"The Breadwinner" is about 11-year-old Parvana and the risks she takes to help provide for her family after the Taliban takes control of Afghanistan. Because she is the only family member able to pass as male, she cuts her hair short and dresses as a boy so she can work and make money for the family. | ||
| 650 |
_aNOVEL _zUNITED STATES |
||
| 942 | _cBK | ||
| 999 |
_c3185 _d3185 |
||